Responses for Show #6308 - Wednesday, February 8, 2012

2012 College Championship semifinal game 1.

Contestants

[<< previous game]

Monica Thieu, a sophomore at the University of North Texas from Dallas, Texas

Tyler Benedict, a junior at Columbia University from Dayton, Ohio

Weston Mangin, a freshman at Cal Poly San Luis Obispo from Arroyo Grande, California

[next game >>]

Jeopardy! Round responses

KNOW YOUR CONSTITUTION
WEIGHTS & MEASURES
BUZZ BANDS
QUESTIONS
LITERARY LOCALES
COLLEGE "M"
    $200 30
amendments

Tyler
    $200 1
a grain

Weston
    $200 5
Coast

Monica
    $200 15
Catholic

Tyler
    $200 29
Australia

Monica
    $200 27
Miami

Tyler
    $400 13
35

Tyler
    $400 2
sound

Monica
    $400 6
The Airborne Toxic Event

Tyler
    $400 26
milk

Tyler
    $400 17
Mount Everest

Tyler
    $400 28
Marshall

Weston
    $600 9
defend

Tyler
    $600 3
a pint

Tyler
    $600 8
John Williams

Weston
    $600 20
apples

Monica
    $600 16
Westeros

Monica
    $600 23
the University of Maryland

Tyler
    $800 10
misdemeanors

Tyler
    $800 4
jumbo

Tyler
    $800 11
Cage the Elephant

Weston
    $800 21
the wind

Weston
    $800 18
the English Channel

Tyler
    $800 24
Mount Holyoke

Tyler
    $1000 12
advice & consent

Triple Stumper
    $1000 7
half a league

Tyler
    $1000 14
Mumford & Sons

Weston
    $1000 22
"Do You Hear What I Hear?"

Weston
    $1000 19
the Pequod

Weston
    $2,500 25
(Tyler: What is Marlboro College?)

Middlebury

Tyler

Scores at the first commercial break (after clue 15):

Weston Tyler Monica
$2,600 $4,800 $600

Scores at the end of the Jeopardy! Round:

Weston Tyler Monica
$5,800 $5,700 $2,000

Double Jeopardy! Round responses

ROGET'S MEETS BARTLETT'S
THE 21st CENTURY
YAY, PHYSICS!
ON CABLE
ART & ARTISTS
SILENT B
    $400 2
(Tyler: What is "Friends, Romans, countrymens, lend me your ears"?)
(Monica: What are ears?)
...
(Alex: Tyler, you threw in an extra "S". You said "countrymens".)

"Friends, Romans, countrymen, lend me your ears"

TylerMonica
Triple Stumper
    $400 28
flying airplanes

Tyler
    $400 12
energy

Tyler
    $400 13
SpongeBob SquarePants

Weston
    $400 24
Salvador DalĂ­

Weston
    $400 3
climb

Tyler
    $800 9
(Tyler: What is "a giant leap for mankind"?)
(Weston: What is "a... one large leap for mankind"?)

"one giant leap for mankind"

WestonTylerMonica
    $800 18
through a write-in campaign

Tyler
    $3,000 11
torque

Monica
    $800 14
Jersey Shore

Weston
    $800 25
Vincent van Gogh

Weston
    $800 4
crumbs

Weston
    $1200 27
"Be fruitful and multiply"

Tyler
    $1200 19
the Gaza Strip

Monica
    $1200 1
mechanics

Tyler
    $1200 15
Tim Gunn

Weston
    $1200 20
El Greco

Weston
    $1200 5
a debt

Weston
    $1600 29
"the land of the free and the home of the brave"

Monica
    $1,500 23
Harvey Milk

Tyler
    $1600 8
normal

Tyler
    $1600 16
Hardball

Weston
    $1600 21
The Blue Boy

Weston
    $1600 6
doubt

Tyler
    $2000 30
(Tyler: What is "You can run, but you can't hide"?)

"He can run, but he can't hide"

WestonTyler
    $2000 26
Live 8

Tyler
    $2000 10
electromagnetism

Monica
    $2000 17
Awkward.

Triple Stumper
    $2000 22
Homer

Tyler
    $2000 7
subtle

Monica

Scores at the end of the Double Jeopardy! Round:

Weston Tyler Monica
$17,000 $15,600 $12,200

[wagering suggestions for these scores]

Final Jeopardy! Round responses

COMIC BOOKS
(Alex: This character prominently featured this year in a Steven Spielberg film.)
[ZergCam]
MonicaWho is Tintin?
$12,000
TylerWho was Steve Canyon
$1,500
WestonWho is the Silver Surfer
$6,000
Tintin

Final scores:

Weston Tyler Monica
$11,000 $14,100 $24,200
3rd place: $10,000 2nd place: $10,000 Finalist

Game dynamics:

Coryat scores:

Weston Tyler Monica
$17,000 $18,200 $10,000
19 R,
1 W
26 R
(including 1 DD),
4 W
(including 1 DD)
11 R
(including 1 DD),
1 W

Combined Coryat: $45,200

[game clues] [game scores] [suggest correction]

Game tape date: 2012-01-06
The J! Archive is created by fans, for fans. Scraping, republication, monetization, and malicious use prohibited; this site may use cookies and collect identifying information. See terms. The Jeopardy! game show and all elements thereof, including but not limited to copyright and trademark thereto, are the property of Jeopardy Productions, Inc. and are protected under law. This website is not affiliated with, sponsored by, or operated by Jeopardy Productions, Inc. Join the discussion at JBoard.tv.